C lculos de la potencia en tanques agitados / J Guadalupe Benítez Linares (Registro nro. 17633)
[ vista simple ]
| 000 -LÍDER | |
|---|---|
| fixed length control field | 00483nam a2200133 4500 |
| 008 - ELEMENTOS DE LONGITUD FIJA -- INFORMACIÓN GENERAL | |
| fixed length control field | 02001 0a 000 0MEX |
| 050 ## - SIGNATURA TOPOGRAFICA DE LA BIBLIOTECA DEL CONGRESO (LC) | |
| Número de Clasificación | TP155 M6 B4 2001 |
| 082 ## - NUMERO DE CLASIFICACION DECIMAL DEWEY | |
| Número de Clasificación | 620.106 B4c |
| 100 ## - ASIENTO PRINCIPAL--NOMBRE PERSONAL | |
| Nombre personal | Benítez Linares, J Guadalupe |
| 245 ## - TÍTULO | |
| Título | C lculos de la potencia en tanques agitados / J Guadalupe Benítez Linares |
| 300 ## - DESCRIPCIÓN FÍSICA | |
| Extensión | 64 p. / 29 cm. |
| 502 ## - NOTA DE TESIS | |
| Nota de tesis | Monografía. Opción. V. I.T.Z. (Química) M.C. Jorge Rosales Perez |
| 650 ## - ASIENTO SECUNDARIO DE MATERIA - TERMINO TEMÁTICO | |
| Término temático o nombre geográfico como elemento de entrada | 1.DIMENSIONES \ 2.METODO DE BUCKINGHAM |
| No. biblioteca | No. biblioteca | Número de clasificación | Código de barras/Número de adquisición | Número de copia | Tipo de material |
|---|---|---|---|---|---|
| TESIS QUÍMICA | TESIS QUÍMICA | 620.106 B4c | Q7-2001 | 1 | Tesis |
